Drużyny, które wygrały Ekstraklasę - Statystyki

Ogólne statystyki
  • Ten quiz został rozwiązany 341 razy
  • Średni wynik to 11 z 17
Statystyki odpowiedzi
Liczba
wygranych
Klub % Poprawnych
13 Legia Warszawa
100%
7 Lech Poznań
96%
14 Wisła Kraków
91%
14 Górnik Zabrze
79%
13 Ruch Chorzów
79%
4 Cracovia
74%
2 Śląsk Wrocław
73%
4 Widzew Łódź
66%
1 Piast Gliwice
64%
1 Polonia Warszawa
63%
2 ŁKS Łódź
62%
2 Zagłębie Lubin
56%
2 Stal Mielec
37%
1 Warta Poznań
37%
2 Polonia Bytom
36%
1 Szombierki Bytom
25%
1 Garbarnia Kraków
19%
Nie znaleziono quizów pasujących do podanych kryteriów
Rozkład punktacji
Procent ludzi z każdym wynikiem
Percentyl według liczby udzielonych odpowiedzi
Twoja historia wyników
Nie rozwiązałeś tego quizu